Common Presidential/Vice Presidential Names Quiz Stats

 Plays Quiz Updated Jan 20, 2017

Support Sporcle.
Go Orange.
Score 0/22 Timer 04:00
0 Plays Today
Occurrences Name % Correct
9John
97.1%
5George
95.7%
7William
90%
8James
88.4%
4Thomas
72.5%
3Richard
71.6%
2Franklin
65.6%
2Andrew
65.3%
3Henry
53.7%
2Theodore
48.6%
2Adams
46.4%
Occurrences Name % Correct
2Bush
44.9%
2Roosevelt
42.2%
3Johnson
41.5%
2Harrison
36.4%
2Herbert
35.7%
3Wilson
29.4%
2Jefferson
28.7%
2Clinton
21.8%
3Charles
20.8%
2Walker
19.9%
2Warren
17.4%

You're not logged in!

Compare scores with friends on all Sporcle quizzes.
OR
Log In
Forgot?

From the Vault

NBA Top 200 Scorers (2015-16)

by Feely

Just enter the names that you've been hearing about all year.
Remove Ads.
Support Sporcle.
Get the best of Sporcle when you Go Orange. This ad-free experience offers more features, more stats, and more fun while also helping to support Sporcle. Thank you for becoming a member.

Show Comments

Extras

Top Quizzes Today


Score Distribution

Your Account Isn't Verified!

In order to create a playlist on Sporcle, you need to verify the email address you used during registration. Go to your Sporcle Settings to finish the process.

Report this User

Report this user for behavior that violates our Community Guidelines.

Details: